Proaktywny telemarketing /

محفوظ في:
التفاصيل البيبلوغرافية
المؤلف الرئيسي: Walczak, Paweł
التنسيق: كتاب
اللغة:البولندية
منشور في: Gliwice : Wydawnictwo Helion, cop. 2013.
سلاسل:Onepress Power
الموضوعات:
الوسوم: إضافة وسم
لا توجد وسوم, كن أول من يضع وسما على هذه التسجيلة!

MARC

LEADER 00000nam a2200000 i 4500
001 9910051113705606
005 20260515100513.0
008 151009s2013 pl a f |000 0 pol
009 b0000004948465
015 |a UWD 2015/29739 
020 |a 9788324675067 
035 |a 991039645039705066 
035 |a (PL-WaBN)b49484655-48omnis_nlop 
035 |a b49484655 
035 |a (OCoLC)947747014 
035 |a xx002912291 
035 |a (PL)b0000004948465 
040 |a WA N  |c WA N 
080 |a 658.8 
084 |a 02 
100 1 |a Walczak, Paweł 
245 1 0 |a Proaktywny telemarketing /  |c Paweł Walczak. 
260 |a Gliwice :  |b Wydawnictwo Helion,  |c cop. 2013. 
300 |a 166, [2] s. :  |b il. ;  |c 25 cm. 
336 |a Tekst  |b txt  |2 rdacontent 
337 |a Bez urządzenia pośredniczącego  |b n  |2 rdamedia 
338 |a Wolumin  |b nc  |2 rdacarrier 
380 |a Książki 
490 1 |a Onepress Power 
504 |a Bibliogr. s. [168]. 
648 7 |a 2001-  |2 DBN 
650 7 |a Telemarketing  |2 DBN 
655 7 |a Wydawnictwa popularne  |2 DBN 
710 2 |a Helion  |4 pbl 
830 0 |a Onepress Power 
942 |2 ddc  |c BK  |n 0 
952 |0 0  |1 0  |2 ddc  |4 0  |6 W__9_000000000000000  |7 0  |9 9  |a WRO  |b WRO  |d 2026-04-10  |e da  |g 10.00  |i WRO-009  |l 0  |o W.9  |p 2000100000090  |r 2026-04-10 20:50:29  |v 10.00  |w 2026-04-10  |y BK 
999 |c 9  |d 9